<?xml version="1.0" encoding="UTF-8"?>
<record
    xmlns:xsi="http://www.w3.org/2001/XMLSchema-instance"
    xsi:schemaLocation="http://www.loc.gov/MARC21/slim http://www.loc.gov/standards/marcxml/schema/MARC21slim.xsd"
    xmlns="http://www.loc.gov/MARC21/slim">

  <leader>02430nam a2200265 a 4500</leader>
  <controlfield tag="001">000002007</controlfield>
  <controlfield tag="005">20250703095051.0</controlfield>
  <controlfield tag="008">090630s2007    dr            000 0 spa d</controlfield>
  <datafield tag="040" ind1=" " ind2=" ">
    <subfield code="a">DO-SdBNP</subfield>
    <subfield code="b">spa</subfield>
    <subfield code="c">BNPHU</subfield>
  </datafield>
  <datafield tag="082" ind1=" " ind2=" ">
    <subfield code="a">172</subfield>
    <subfield code="b">S583e</subfield>
  </datafield>
  <datafield tag="100" ind1="1" ind2=" ">
    <subfield code="a"> Sili&#xE9; Gat&#xF3;n, Jos&#xE9; A., </subfield>
    <subfield code="d">1920-2014</subfield>
    <subfield code="9">747</subfield>
  </datafield>
  <datafield tag="245" ind1="1" ind2="0">
    <subfield code="a">&#xC9;tica en pol&#xED;tica /</subfield>
    <subfield code="c">Jos&#xE9; A. Sili&#xE9; Gat&#xF3;n ; pr&#xF3;logo Mario Read Vittini.</subfield>
  </datafield>
  <datafield tag="260" ind1=" " ind2=" ">
    <subfield code="a">Santo Domingo :</subfield>
    <subfield code="b">Centenario,</subfield>
    <subfield code="c">2007.</subfield>
  </datafield>
  <datafield tag="300" ind1=" " ind2=" ">
    <subfield code="a">481 p. ;</subfield>
    <subfield code="c">23 cm.</subfield>
  </datafield>
  <datafield tag="490" ind1="1" ind2=" ">
    <subfield code="a">Vaganiona</subfield>
  </datafield>
  <datafield tag="504" ind1=" " ind2=" ">
    <subfield code="a">Bibliograf&#xED;a: p. 478-481</subfield>
  </datafield>
  <datafield tag="505" ind1="0" ind2=" ">
    <subfield code="a">Pr&#xF3;logo -- Prefacio -- Consideraciones generales -- &#xC9;tica pol&#xED;tica -- Dignidad pol&#xED;tica -- Desarrollo pol&#xED;tico -- Democracia pol&#xED;tica -- Lealtad pol&#xED;tica -- Transfuguismo pol&#xED;tico -- Liberaci&#xF3;n &#xE9;tica de los partidos -- Direcci&#xF3;n moral de partidos -- Credibilidad pol&#xED;tica -- Propuestas pol&#xED;ticas -- El temor de ser pol&#xED;tico militante -- El orgullo de ser pol&#xED;tico -- Promoci&#xF3;n pol&#xED;tica -- Prestigio de los partidos -- Comportamiento de altura pol&#xED;tica -- Moral pol&#xED;tica -- El cr&#xE9;dito pol&#xED;tico -- Liberaci&#xF3;n moral -- La excitaci&#xF3;n del pol&#xED;tico -- Sensibilidad del pol&#xED;tico -- El pensamiento pol&#xED;tico -- Descr&#xE9;dito de los partidos pol&#xED;ticos -- Adhesi&#xF3;n pol&#xED;tica -- Racionalidad de los partidos -- La seguridad pol&#xED;tica -- Prestancia pol&#xED;tica -- Conceptos pol&#xED;ticos.</subfield>
  </datafield>
  <datafield tag="505" ind1="0" ind2=" ">
    <subfield code="a">La gesti&#xF3;n pol&#xED;tica -- Escisi&#xF3;n pol&#xED;tica -- Excitaci&#xF3;n desfavorables del pol&#xED;tico -- Aspiraci&#xF3;n del &#xE9;xito -- La uni&#xF3;n -- Desarrollo moral -- Moderaci&#xF3;n pol&#xED;tica -- Lasitud del pol&#xED;tico -- Concertaci&#xF3;n o conciliciaci&#xF3;n pol&#xED;tica -- Apertura de los partidos -- Proselitismo -- El l&#xED;der y el liderazgo -- Los pensadores -- Sociolog&#xED;a pol&#xED;tica -- La pasi&#xF3;n pol&#xED;tica -- La creatividad y el desarrollo -- Un r&#xE9;gimen ideal -- Situaciones de hecho -- Propuestas convencionales -- La postulaci&#xF3;n -- El futuro candidato -- Las manifestaciones pol&#xED;ticas -- Participaci&#xF3;n de partidos en elecciones -- El fraude electoral -- La compraventa del voto -- Corrupci&#xF3;n, pol&#xED;tica y democracia -- La concertaci&#xF3;n -- Estado de derecho -- La comunicaci&#xF3;n y la pr&#xE1;ctica pol&#xED;tica -- La comprensi&#xF3;n --Bibliograf&#xED;a.</subfield>
  </datafield>
  <datafield tag="590" ind1=" " ind2=" ">
    <subfield code="a">Inventariado, 2018/MFF</subfield>
  </datafield>
  <datafield tag="650" ind1=" " ind2="0">
    <subfield code="a">&#xC9;tica pol&#xED;tica</subfield>
    <subfield code="9">1332</subfield>
  </datafield>
  <datafield tag="650" ind1=" " ind2="4">
    <subfield code="a">Actitudes pol&#xED;ticas</subfield>
    <subfield code="9">6490</subfield>
  </datafield>
  <datafield tag="700" ind1="1" ind2=" ">
    <subfield code="a">Read Vittini, Mario,</subfield>
    <subfield code="d">1926-2010</subfield>
    <subfield code="e">pr&#xF3;l.</subfield>
    <subfield code="9">1841</subfield>
  </datafield>
  <datafield tag="830" ind1=" " ind2="0">
    <subfield code="a">Vaganiona</subfield>
    <subfield code="9">755</subfield>
  </datafield>
  <datafield tag="910" ind1=" " ind2=" ">
    <subfield code="a">Jornada de catalogaci&#xF3;n</subfield>
  </datafield>
  <datafield tag="952" ind1=" " ind2=" ">
    <subfield code="0">0</subfield>
    <subfield code="1">0</subfield>
    <subfield code="5">4</subfield>
    <subfield code="7">0</subfield>
    <subfield code="8">DS</subfield>
    <subfield code="a">GR</subfield>
    <subfield code="b">GR</subfield>
    <subfield code="c">HD</subfield>
    <subfield code="d">2009-09-01</subfield>
    <subfield code="i">LF1</subfield>
    <subfield code="l">0</subfield>
    <subfield code="o">172 S583e</subfield>
    <subfield code="p">2007-30</subfield>
    <subfield code="r">2020-06-25</subfield>
    <subfield code="t">e. 3</subfield>
    <subfield code="w">2020-06-25</subfield>
    <subfield code="y">LFDS</subfield>
    <subfield code="Z">Pr&#xE9;stamo en sala</subfield>
  </datafield>
  <datafield tag="952" ind1=" " ind2=" ">
    <subfield code="0">0</subfield>
    <subfield code="1">0</subfield>
    <subfield code="5">4</subfield>
    <subfield code="7">0</subfield>
    <subfield code="8">DS</subfield>
    <subfield code="a">GR</subfield>
    <subfield code="b">GR</subfield>
    <subfield code="c">HD</subfield>
    <subfield code="d">2010-02-02</subfield>
    <subfield code="i">LF1</subfield>
    <subfield code="l">0</subfield>
    <subfield code="o">172 S583e</subfield>
    <subfield code="p">2007-40</subfield>
    <subfield code="r">2020-06-25</subfield>
    <subfield code="t">e. 4</subfield>
    <subfield code="w">2020-06-25</subfield>
    <subfield code="y">LFDS</subfield>
    <subfield code="Z">Pr&#xE9;stamo en sala</subfield>
  </datafield>
  <datafield tag="952" ind1=" " ind2=" ">
    <subfield code="0">0</subfield>
    <subfield code="1">0</subfield>
    <subfield code="5">4</subfield>
    <subfield code="7">0</subfield>
    <subfield code="8">DS</subfield>
    <subfield code="a">GR</subfield>
    <subfield code="b">GR</subfield>
    <subfield code="c">HD</subfield>
    <subfield code="d">2010-02-02</subfield>
    <subfield code="i">LF1</subfield>
    <subfield code="l">0</subfield>
    <subfield code="o">172 S583e</subfield>
    <subfield code="p">2007-50</subfield>
    <subfield code="r">2020-06-25</subfield>
    <subfield code="t">e. 5</subfield>
    <subfield code="w">2020-06-25</subfield>
    <subfield code="y">LFDS</subfield>
    <subfield code="Z">Pr&#xE9;stamo en sala</subfield>
  </datafield>
  <datafield tag="952" ind1=" " ind2=" ">
    <subfield code="0">0</subfield>
    <subfield code="1">0</subfield>
    <subfield code="7">1</subfield>
    <subfield code="8">PD</subfield>
    <subfield code="a">PD</subfield>
    <subfield code="b">PD</subfield>
    <subfield code="c">HD</subfield>
    <subfield code="d">2009-06-30</subfield>
    <subfield code="i">LF1</subfield>
    <subfield code="l">0</subfield>
    <subfield code="o">172 S583e</subfield>
    <subfield code="p">2007-10</subfield>
    <subfield code="r">2020-06-25</subfield>
    <subfield code="w">2020-06-25</subfield>
    <subfield code="y">LFPD</subfield>
    <subfield code="Z">No se presta</subfield>
  </datafield>
  <datafield tag="952" ind1=" " ind2=" ">
    <subfield code="0">0</subfield>
    <subfield code="1">0</subfield>
    <subfield code="7">1</subfield>
    <subfield code="8">PD</subfield>
    <subfield code="a">PD</subfield>
    <subfield code="b">PD</subfield>
    <subfield code="c">HD</subfield>
    <subfield code="d">2009-06-30</subfield>
    <subfield code="i">LF1</subfield>
    <subfield code="l">0</subfield>
    <subfield code="o">172 S583e</subfield>
    <subfield code="p">2007-20</subfield>
    <subfield code="r">2020-06-25</subfield>
    <subfield code="t">e. 2</subfield>
    <subfield code="w">2020-06-25</subfield>
    <subfield code="y">LFPD</subfield>
    <subfield code="Z">No se presta</subfield>
  </datafield>
  <datafield tag="999" ind1=" " ind2=" ">
    <subfield code="c">1872</subfield>
    <subfield code="d">1872</subfield>
  </datafield>
</record>
